00410nam a2200157Ia 4500003000400000008004100004040001600045082001300061100001800074245005000092260003900142300001000181490002400191650001500215650002200230GCL140319s9999 xx 000 0 eng d aGCL / cGCL04a843bA O1 aANOUILH, JEAN10aORNIFLE OU LE COURANT D'AIR / cANOUILH, JEAN a[S.N] : bLA TABLE RONDE ، c1991 a212 P aCOLLECTION FOLIOv004aLITERATURE04aFRENCH LITERATURE